Statistics for The Hail Mary

Click here to take the quiz!

General Stats

  • This quiz has been taken 326 times
  • The average score is 7 of 8

Answer Stats

HintAnswer% Correct
Hail, Mary, full of _____,grace
100%
The ____ is with thee:Lord
92%
_______ art thou among women,blessed
90%
and blessed is the _____fruit
86%
of thy ____, Jesus.womb
86%
pray for us _______,sinners
84%
Now, and at the ____ of our death. Amen.hour
83%
____ ____, Mother of GodHoly Mary
73%

Score Distribution

Percentile by Number Answered

Percent of People with Each Score

Your Score History

You have not taken this quiz